| 000 | 00831nam a2200229Ii 4500 | ||
|---|---|---|---|
| 003 | JO-AjNU | ||
| 008 | 230605s9999||||xx |||||||||||||| ||und|| | ||
| 017 | _a2015/3/1195 | ||
| 020 | _a978-9957-98-129-7 | ||
| 040 |
_aJO-AjNU _bara _erda _cJO-AjNU |
||
| 041 | _aara | ||
| 050 | 1 | 4 | _aDS119.7.K4373 2017 |
| 100 | 3 |
_aالخطيب، سعادة راغب, _eauthor _960828 |
|
| 245 | 0 | 0 | _aالصراع العربي الاسرائيلي |
| 250 | _aط1 | ||
| 264 | 3 | 1 | _aعمان: دار الاعصار العلمي للنشر والتوزيع، 2017 |
| 300 |
_a245ص _bيحتوي على جداول وصور توضيحية |
||
| 336 |
_atext _btxt _2rdacontent |
||
| 337 |
_aunmediated _bn _2rdamedia |
||
| 338 |
_avolume _bnc _2rdacarrier |
||
| 650 | 4 |
_aالنزاع العربي الاسرائيلي - تاريخ فلسطين _960829 |
|
| 999 |
_aA27458 _c31026 _d31026 |
||